Live to Tell / Lisa Gardner (Record no. 3769)

000 -LEADER
fixed length control field 00309nam a22001337a 4500
003 - CONTROL NUMBER IDENTIFIER
control field OSt
005 - DATE AND TIME OF LATEST TRANSACTION
control field 20170320121416.0
008 - FIXED-LENGTH DATA ELEMENTS--GENERAL INFORMATION
fixed length control field 170314b xxu||||| |||| 00| 0 eng d
020 ## - INTERNATIONAL STANDARD BOOK NUMBER
International Standard Book Number 9781409120247
245 ## - TITLE STATEMENT
Title Live to Tell / Lisa Gardner
260 ## - PUBLICATION, DISTRIBUTION, ETC. (IMPRINT)
Place of publication, distribution, etc London
Name of publisher, distributor, etc Orion Books
300 ## - PHYSICAL DESCRIPTION
Extent 451p
942 ## - ADDED ENTRY ELEMENTS (KOHA)
Source of classification or shelving scheme
Koha item type Fiction and Non- Fiction novels
Holdings
Withdrawn status Lost status Source of classification or shelving scheme Damaged status Not for loan Home library Current library Shelving location Date acquired Total Checkouts Barcode Date last seen Date checked out Price effective from Koha item type
          Riara University Library Riara University Library Leisure Reading 14/03/2017 3 nov3 04/11/2021 03/04/2019 14/03/2017 Fiction and Non- Fiction novels

Riara University Library,
P.O. Box 49940-00100,
Nairobi, Kenya.